| 000 | 00385nam a22001697a 4500 | ||
|---|---|---|---|
| 003 | OSt | ||
| 005 | 20211229143745.0 | ||
| 008 | 211229b |||||||| |||| 00| 0 eng d | ||
| 020 | _a067231438X | ||
| 040 | _cHU | ||
| 082 | _a005.133 | ||
| 100 |
_aLemay Laura _926105 |
||
| 245 | _aSams Teach Yourself Java 2 Platform | ||
| 260 |
_aUSA _bUSA |
||
| 300 | _f947 | ||
| 942 |
_2ddc _cBOOKS _n0 |
||
| 999 |
_c25028 _d25028 |
||